=LDR 00000nam 2200000 4500 =001 NUTBA000000000000718 =990 ##$$a 00087469 =005 20210113122527 =990 ##$$a 20700254 =035 ##$$a 0010-031400000000717 =990 ##$$a 30700669 =008 210113################g##########0#ind## =990 ##$$a 30700670 =020 ##$$a 978-979-769-577-4 =990 ##$$a 30700671 =082 ##$$a 301 =990 ##$$a DW99000718 =245 1#$$a Sosiologi suatu pengantar /$c Prof. Dr. Soerjono Soekanto, Dra. Budi Sulistyowati, M.A =990 ##$$a DW99000748 =250 ##$$a cet.45, ed. revisi =990 ##$$a 20611756 =260 ##$$a Depok :$b Raja Grafindo Persada,$c 2013 =990 ##$$a 21302398 =300 ##$$a xiii,411 hlm : $b ilus ; $c 24 x 17 cm. =990 ##$$a 21302394 =084 ##$$a 301 SOE s =990 ##$$a 21302397 =100 #$$a Soekanto, Soerjono =990 ##$$a 21302396 =650 #4$$a Sosiologi =990 ##$$a 00089517 =990 ##$$a 20700254 =990 ##$$a 01201708643 =990 ##$$a 30700669 =990 ##$$a 30700670 =990 ##$$a 30700671 =990 ##$$a DW99000718 =990 ##$$a DW99000748 =990 ##$$a 20611756 =990 ##$$a 21302398 =990 ##$$a 21302394 =990 ##$$a 21302397 =990 ##$$a 21302396 =990 ##$$a 00087469 =990 ##$$a 00089517 =990 ##$$a 01201708643 =990 ##$$a 20611756 =990 ##$$a 20611756 =990 ##$$a 20700254 =990 ##$$a 20700254 =990 ##$$a 30700669 =990 ##$$a 30700669 =990 ##$$a 30700670 =990 ##$$a 30700670 =990 ##$$a 30700671 =990 ##$$a 30700671 =990 ##$$a DW99000718 =990 ##$$a DW99000718 =990 ##$$a DW99000748 =990 ##$$a DW99000748 =990 ##$$a 21302398 =990 ##$$a 21302398 =990 ##$$a 21302394 =990 ##$$a 21302394 =990 ##$$a 21302397 =990 ##$$a 21302397 =990 ##$$a 21302396 =990 ##$$a 21302396 =990 ##$$a 00087469 =990 ##$$a 00087469 =990 ##$$a 00089517 =990 ##$$a 00089517 =990 ##$$a 01201708643 =990 ##$$a 01201708643